000 00641cam a22002293a 4500
001 9319
003 PGUSA
005 20140828083210.0
008 040809s2004||||xxu|||||s|||||000 1 eng d
040 _aPGUSA
_beng
042 _adc
050 4 _aPR
100 1 _aMaclaren, Ian,
_d1850-1907
245 1 2 _aA Doctor of the Old School — Volume 5
_h[electronic resource] /
_cIan Maclaren
260 _bProject Gutenberg,
_c2004
506 _aPublic domain in the USA.
516 _aElectronic text
653 _aPhysicians -- Fiction
830 0 _aProject Gutenberg
_v9319
856 4 0 _uhttp://www.gutenberg.org/ebooks/9319
942 _cEB
999 _c238575
_d238575